000 00745nam a22002177a 4500
999 _c10407
_d10407
003 AR-CdUCM
008 190401b ||||| |||| 00| 0 spa d
040 _aMUNICIPALIDAD PROVINCIAL DEL CUSCO
_cBIBLIOTECA MUNICIPAL DEL CUSCO
082 _a346 /
_bC82 / 1897
100 _aCortes, Leopoldo
_927243
245 _aDerecho civil comun /
260 _aLima :
_bE. Moreno,
_c1897.
300 _aXXIII, 576 paginas ;
_c21 cm.
505 _aContenido: Concepto de ley -- formacion -- abrogacion y derogacion de ley -- aplicacion de las leyes -- formacion y fuentes del codigo civli...
650 _aLey
_97887
650 _aCivil
_918612
650 _aDerecho
_9739
700 _aRodriguez, Manuel
_927244
942 _2ddc
_cLIBROS
945 _apjha